000
00308nam a2200121Ia 4500
008
190722s9999 xx 000 0 und d
020
_a
978-0-19-597835-3
100
_a
John Eastwood
245
0
_a
Oxford Practice Grammer
260
_a
New York
_b
Oxford University Press
_c
2004
300
_a
xiii,432
942
_c
BK
999
_c
620
_d
620